<?xml version="1.0" encoding="UTF-8"?><?xml-stylesheet type="text/xsl" href="static/style.xsl"?><OAI-PMH xmlns="http://www.openarchives.org/OAI/2.0/" xmlns:xsi="http://www.w3.org/2001/XMLSchema-instance" xsi:schemaLocation="http://www.openarchives.org/OAI/2.0/ http://www.openarchives.org/OAI/2.0/OAI-PMH.xsd"><responseDate>2026-04-27T21:28:33Z</responseDate><request verb="GetRecord" identifier="oai:uvadoc.uva.es:10324/6528" metadataPrefix="marc">https://uvadoc.uva.es/oai/request</request><GetRecord><record><header><identifier>oai:uvadoc.uva.es:10324/6528</identifier><datestamp>2021-06-29T10:14:43Z</datestamp><setSpec>com_10324_38</setSpec><setSpec>col_10324_852</setSpec></header><metadata><record xmlns="http://www.loc.gov/MARC21/slim" xmlns:doc="http://www.lyncode.com/xoai" xmlns:xsi="http://www.w3.org/2001/XMLSchema-instance" xmlns:dcterms="http://purl.org/dc/terms/" xsi:schemaLocation="http://www.loc.gov/MARC21/slim http://www.loc.gov/standards/marcxml/schema/MARC21slim.xsd">
<leader>00925njm 22002777a 4500</leader>
<datafield tag="042" ind1=" " ind2=" ">
<subfield code="a">dc</subfield>
</datafield>
<datafield tag="720" ind1=" " ind2=" ">
<subfield code="a">Olmo Camargo, Alberto del</subfield>
<subfield code="e">author</subfield>
</datafield>
<datafield tag="260" ind1=" " ind2=" ">
<subfield code="c">2014</subfield>
</datafield>
<datafield tag="520" ind1=" " ind2=" ">
<subfield code="a">La oxidación de vinos rosados por oxígeno molecular con la consecuente pérdida de sus aromas característicos así como su pardeamiento constituye un serio problema en vinificación. &#xd;
El glutatión es un componente natural de muchas frutas, clásicamente descrito como inhibidor de oxidaciones enzimáticas y no enzimáticas en jugos de frutas y otros alimentos y cuyo término es usado indistintamente para referirse a sus formas reducidas y diméricas, ambas presentes en el mosto/vino. [...]</subfield>
</datafield>
<datafield tag="024" ind2=" " ind1="8">
<subfield code="a">http://uvadoc.uva.es/handle/10324/6528</subfield>
</datafield>
<datafield ind1=" " ind2=" " tag="653">
<subfield code="a">Vinos y vinificación-Microbiología</subfield>
</datafield>
<datafield tag="245" ind1="0" ind2="0">
<subfield code="a">Efecto de la adición de levaduras inactivas ricas en glutatión sobre la calidad de vinos rosados</subfield>
</datafield>
</record></metadata></record></GetRecord></OAI-PMH>